| 000 | 00000nam##2200000za#4500 |
| 001 | 9.640696 |
| 003 | CaOODSP |
| 005 | 20250319165015 |
| 007 | cr ||||||||||| |
| 008 | 150407|1996||||xxc|||||o f|0| 0 fre|d |
| 040 | |aCaOODSP|bfre |
| 043 | |an-cn--- |
| 086 | 1 |aH68-38/1996F-PDF |
| 110 | 1 |aCanada.|bConseil national du bien-être social. |
| 245 | 10|aGuide relatif à la prestation aux aîné(e)s |h[ressource électronique] |
| 260 | |aOttawa - Ontario : |bConseil national du bien-être social |cÉté 1996. |
| 300 | |a44p.|bgraphiques, tableaux |
| 500 | |aSommaire: Introduction.--Le budget de 1996 et la prestation aux aîné(e)s.--Les répercussions globales des propositions.--Questions et préoccupations concernant les propositions fédérales.--Conclusion et recommandations.--Annexe. |
| 500 | |aLe n° de catalogue (H68-38/1996F) et l'ISBN (0-662-81293-X) de l'édition imprimée ont été incorrectement copiés dans la publication électronique. |
| 590 | |a12-36-Supp|b2012-08-22 |
| 691 | 07|aAîné|2gcpds |
| 691 | 07|aProgrammes sociaux|2gcpds |
| 775 | 08|tA guide to the proposed seniors benefit |w(CaOODSP)9.696586 |
| 776 | 0#|tGuide relatif à la prestation aux aîné(e)s : |w(CaOODSP)9.679818 |
| 856 | 40|ahttp://publications.gc.ca|qPDF|s13.10 Mo|uhttps://publications.gc.ca/collections/collection_2012/cnb-ncw/H68-38-1996-fra.pdf |